| 000 | 00364nam a2200145Ia 4500 | ||
|---|---|---|---|
| 008 | 240624s9999 xx 000 0 und d | ||
| 041 | _aeng | ||
| 082 | _a343.04 DAY | ||
| 100 | _aDATEY V S | ||
| 245 | _aINDIRECT TAXES LAW AND PRACTICE | ||
| 250 | _a(29th ed.) | ||
| 260 |
_c2012 _aNew Delhi _bTaxmann |
||
| 300 | _ai-25, : 854 : p. : cm. ; 24 | ||
| 365 |
_cRS _b29 |
||
| 999 |
_c19374 _d19374 |
||